[Event "SLO-ch U12 Girls"]
[Site "Rogaska Slatina"]
[Date "2009.02.24"]
[Round "4"]
[White "Zupevc, Lucija"]
[Black "Gorensek Krivec, Mojca"]
[Result "1-0"]
[WhiteElo "1513"]
[BlackElo "1500"]
[PlyCount "87"]
[EventDate "2009.02.22"]
[EventType "swiss"]
[EventRounds "9"]
[EventCountry "SLO"]
[SourceTitle "CBM 129 Extra"]
[Source "ChessBase"]
[SourceDate "2009.05.05"]
[SourceVersion "2"]
[SourceVersionDate "2009.05.20"]
[SourceQuality "1"]

1. e4 e5 2. Nf3 Nc6 3. d4 d6 4. dxe5 dxe5 5. Qxd8+ Kxd8 6. Bc4 Nb4 7. Bb3 Nf6 8. Nc3 Be6 9. 0-0 h6 10. Bxe6 fxe6 11. Nxe5 Nxc2 12. Nf7+ Kd7 13. Nxh8 Nxa1 14. Rd1+ Ke7 15. Ng6+ Kf7 16. Nxf8 Kxf8 17. Bf4 Nc2 18. Bxc7 Ke7 19. Rd2 Rc8 20. e5 Ne8 21. Ba5 b6 22. Rxc2 bxa5 23. h3 Rd8 24. g4 g5 25. f3 Nc7 26. Ne2 Nd5 27. Rc4 Rb8 28. b3 Rb4 29. f4 gxf4 30. Rxb4 axb4 31. Kf2 Kf7 32. Kf3 Kg7 33. Nxf4 Nxf4 34. Kxf4 Kg6 35. h4 Kg7 36. g5 hxg5+ 37. Kxg5 a6 38. h5 Kh7 39. Kf6 Kh6 40. Kxe6 Kxh5 41. Kf6 Kg4 42. e6 a5 43. e7 a4 44. e8Q 1-0

[Event "SLO-ch U12 Girls"]
[Site "Rogaska Slatina"]
[Date "2009.02.22"]
[Round "1"]
[White "Kroselj, Lucija"]
[Black "Zupevc, Lucija"]
[Result "0-1"]
[WhiteElo "1500"]
[BlackElo "1513"]
[PlyCount "42"]
[EventDate "2009.02.22"]
[EventType "swiss"]
[EventRounds "9"]
[EventCountry "SLO"]
[SourceTitle "CBM 129 Extra"]
[Source "ChessBase"]
[SourceDate "2009.05.05"]
[SourceVersion "2"]
[SourceVersionDate "2009.05.20"]
[SourceQuality "1"]

1. e4 e5 2. Nf3 Nc6 3. Bb5 Nf6 4. Nc3 d5 5. exd5 Nxd5 6. Bxc6+ bxc6 7. Nxd5 Qxd5 8. h3 Bd6 9. 0-0 e4 10. Re1 0-0 11. Nh2 Qe5 12. Ng4 Bxg4 13. Qxg4 Rfe8 14. d3 Qh2+ 15. Kf1 Qh1+ 16. Ke2 exd3+ 17. Kxd3 Rxe1 18. Bh6 Bf8 19. Rxe1 Qxe1 20. Qg3 Rd8+ 21. Kc4 Qb4# 0-1